Học tập 13 bí quyết sống
Trong cuộc sống, có rất nhiều bí quyết thành công. Khi nào nên tiến, lúc nào nên lùi, khi nào nên phòng thủ, lúc nào nên tấn công.... đều là những kế sách giúp ta giành thắng lợi. Quả thật, con người rất cần bí quyết sống. Mỗi người n...
Đã lưu trong:
| 主要作者: | |
|---|---|
| 格式: | 圖書 |
| 語言: | Undetermined |
| 出版: |
Đồng Nai
Đồng Nai
2007
|
| 主題: | |
| 標簽: |
添加標簽
沒有標簽, 成為第一個標記此記錄!
|
| Thư viện lưu trữ: | Trung tâm Học liệu Trường Đại học Cần Thơ |
|---|
| LEADER | 01251nam a2200217Ia 4500 | ||
|---|---|---|---|
| 001 | CTU_159290 | ||
| 008 | 210402s9999 xx 000 0 und d | ||
| 020 | |c 58000 | ||
| 082 | |a 152.42 | ||
| 082 | |b Tr300 | ||
| 100 | |a Mã, Trì | ||
| 245 | 0 | |a Học tập 13 bí quyết sống | |
| 245 | 0 | |c Mã Trì ; Nhân Văn biên dịch | |
| 260 | |a Đồng Nai | ||
| 260 | |b Đồng Nai | ||
| 260 | |c 2007 | ||
| 520 | |a Trong cuộc sống, có rất nhiều bí quyết thành công. Khi nào nên tiến, lúc nào nên lùi, khi nào nên phòng thủ, lúc nào nên tấn công.... đều là những kế sách giúp ta giành thắng lợi. Quả thật, con người rất cần bí quyết sống. Mỗi người nên biết hoạch định cho mình một hướng đi, một lối sống phù hợp với bản thân để cuộc đời mỗi người tốt đẹp hơn, ý nghĩa hơn. | ||
| 650 | |a Thought and thinking,Emotions,Creative thinking,Cảm súc,Sáng tạo | ||
| 650 | |x Mental health,Sức khỏe tinh thần | ||
| 904 | |i Trọng Hiếu | ||
| 980 | |a Trung tâm Học liệu Trường Đại học Cần Thơ | ||